000 003050000a22001450004500
003 MACL
040 _aMACL
090 _c32284
_d32282
100 _aAnand, Dr. S C
245 _aObjective Chemistry
260 _bBright Careers institus
350 _a350
650 _aChemistry
942 _cBOOK
_k540/And
999 _c31955
_d31955